| 000 | 00666nam a2200217Ia 4500 | ||
|---|---|---|---|
| 008 | 140321s9999 xx 000 0 und d | ||
| 020 | _a9780071288774 | ||
| 050 |
_aHB 615 _b.D341 2010 |
||
| 100 | _aDeakins, David | ||
| 245 |
_aEntrepreneurship and small firms / _cDavid Deakins and Mark Freel. |
||
| 250 | _a5th ed. | ||
| 260 |
_aPhilippines : _bMcGraw-Hill, _cc2010. |
||
| 300 |
_a332 p. : _c25 cm. |
||
| 500 | _aIncludes bibliographical references and index. | ||
| 521 | _aBSBA | ||
| 650 |
_aEntrepreneurship _xGreat Britain. |
||
| 650 |
_aSmall business _xGreat Britain. |
||
| 650 |
_aSmall business _xManagement. |
||
| 942 |
_kLOC _cBK |
||
| 999 |
_c48430 _d48430 |
||